| 000 | 00674nam a2200205 a 4500 | ||
|---|---|---|---|
| 001 | 000048026 | ||
| 005 | 20201002060854.0 | ||
| 008 | 181101s2018 dr a 000 p spa d | ||
| 020 | _a9789945091175 | ||
| 040 |
_aDO-SdBNP _bspa _cBNPHU |
||
| 082 |
_axxxx _bH565d |
||
| 100 | 1 |
_aHerrera, Jochy, _d1958- _965251 |
|
| 245 | 1 | 0 |
_aDe fugas y visiones : _btextos atemporales / _cJochy Herrera. |
| 260 |
_aSanto Domingo _aEdiciones Cielonaranja, _c2018. |
||
| 300 |
_a160 p. : _bil. ; _c21 cm. |
||
| 490 | 1 | _aLetras dominicanas | |
| 500 | _aIncluye datos biográficos del autor en la solapa de la cubierta | ||
| 590 | _aInventariado, 2018/LP | ||
| 830 | 0 |
_aLetras dominicanas _975525 |
|
| 999 |
_c47514 _d47514 |
||